Statistics for Five Finger Death Punch Charting Songs (Billboard Hot Rock)

Click here to take the quiz!

General Stats

  • This quiz has been taken 17 times
    (3 since last reset)
  • The average score is 10 of 36

Answer Stats

AlbumWeeks OnPeakArtist(s)Song% Correct
A Decade of Destruction and And Justice For None26 Weeks#9Five Finger Death PunchGone Away
100%
AfterLife10 Weeks#28Five Finger Death PunchAfterlife
67%
F822 Weeks#8Five Finger Death PunchA Little Bit Off
67%
And Justice For None36 Weeks#2Five Finger Death Punch ft. Kenny Wayne Shepherd, Brantley Gilbert & Brian MayBlue on Black
67%
Got Your Six20 Weeks#12Five Finger Death PunchJekyll and Hyde
67%
And Justice For None22 Weeks#14Five Finger Death PunchSham Pain
67%
AfterLife1 Week#35Five Finger Death PunchWelcome to the Circus
67%
American Capitalist20 Weeks#14Five Finger Death PunchComing Down
33%
And Justice For None3 Weeks#29Five Finger Death PunchFake
33%
The Wrong Side of Heaven and the Righteous Side of Hell, Volume 220 Weeks#26Five Finger Death PunchHouse of the Rising Sun
33%
AfterLife
1 Week#37Five Finger Death PunchIOU
33%
And Justice For None1 Week#37Five Finger Death PunchI Refuse
33%
The Wrong Side of Heaven and the Righteous Side of Hell, Volume 119 Weeks#19Five Finger Death Punch ft. Rob HalfordLift Me Up
33%
F82 Weeks#18Five Finger Death PunchLiving the Dream
33%
F81 Week#48Five Finger Death PunchMother May I (Tic Toc)
33%
Got Your Six11 Weeks#34Five Finger Death PunchMy Nemesis
33%
AfterLife1 Week#44Five Finger Death PunchTimes Like These
33%
American Capitalist20 Weeks#20Five Finger Death PunchUnder and Over It
33%
Got Your Six20 Weeks#19Five Finger Death PunchWash It All Away
33%
And Justice For None18 Weeks#17Five Finger Death PunchWhen the Seasons Change
33%
The Wrong Side of Heaven and the Righteous Side of Hell, Volume 125 Weeks#11Five Finger Death PunchWrong Side of Heaven
33%
War is the Answer22 Weeks#7Five Finger Death PunchBad Company
0%
The Wrong Side of Heaven and the Righteous Side of Hell, Volume 215 Weeks#27Five Finger Death PunchBattle Born
0%
F81 Week#39Five Finger Death PunchBottom of the Top
0%
F81 Week#30Five Finger Death PunchBrighter Side of Grey
0%
F810 Weeks#25Five Finger Death PunchDarkness Settles In
0%
War is the Answer24 Weeks#14Five Finger Death PunchFar From Home
0%
F82 Weeks#19Five Finger Death PunchFull Circle
0%
War is the Answer20 Weeks#26Five Finger Death PunchHard to See
0%
Got Your Six25 Weeks#20Five Finger Death PunchI Apologize
0%
F820 Weeks#3Five Finger Death PunchInside Out
0%
American Capitalist22 Weeks#9Five Finger Death PunchRemember Everything
0%
AfterLife1 Week#50Five Finger Death PunchThe End
0%
F81 Week#35Five Finger Death PunchTo Be Alone
0%
A Decade of Destruction11 Weeks#10Five Finger Death PunchTrouble
0%
War is the Answer20 Weeks#21Five Finger Death PunchWalk Away
0%

Score Distribution

Percentile by Number Answered

Percent of People with Each Score

Your Score History

You have not taken this quiz since the last reset